| 000 | 00727nam a2200277Ia 4500 | ||
|---|---|---|---|
| 003 | OSt | ||
| 005 | 20221006144447.0 | ||
| 006 | a|||||r|||| 00| 0 | ||
| 007 | ta | ||
| 008 | 221006b |||||||| |||| 00| 0 eng d | ||
| 020 |
_a0224022164 _c100.00 (each) |
||
| 020 | _a9780224022163 | ||
| 024 | _a11,728 | ||
| 037 | _cTextual | ||
| 040 |
_aEASL _cEASL _beng |
||
| 041 |
_2eng _aeng |
||
| 082 | _aV2y7M89, L5. | ||
| 100 | _aGOPAL Sarvepalli | ||
| 245 | 0 |
_aJawaharlal Nehru _b A Biography, 3 Vols. |
|
| 260 |
_aDelhi _bOxford University India _c1976 |
||
| 300 |
_a398p. _ccm. |
||
| 490 | _v Gen | ||
| 650 | _aGen | ||
| 942 |
_hV2y7M89, L5. _cTEXL _2CC |
||
| 999 |
_c1079814 _d1079814 |
||